Децата на новото хилядолетие (Запис номер 113627)
[ съкратено ]
| 000 -Лидер | |
|---|---|
| Контролно поле с фиксирана дължина | 01811nam a2200361 c 4500 |
| 003 - Код на организацията, давaща контролен номер | |
| Контролно поле | BLK |
| 005 - Дата и час на последна редакция | |
| Контролно поле | 20220913174250.0 |
| 008 - Елементи от данни с фиксирана дължина | |
| fixed length control field | 180409b bul|||||r ||||||| ||bul|| |
| 010 ## - Наследен системен номер | |
| LC control number | KNG00119043000 |
| 020 ## - Международен стандартен номер на книга ISBN | |
| Международен стандартен номер на книга ISBN | 978-954-9994-91-9 |
| -- | издат.: Дилок |
| 040 ## - Източник на каталожния запис | |
| Идентификатор на билиотеката - собственик на записа | BLK |
| 041 ## - Код за език | |
| Код за езика на текст/звукозапис или на отделно заглавие | Български |
| Код за езика КДБФ | Български |
| 080 ## - УДК | |
| Текстов определител УДК | Парапсихология. Нумерология. - Халюцинации, пророчества, предсказания, магии, демонология, телепатия, спиритизъм, илюзии, нумерология, мошеничество. Вж и 133 ; 398.4 ; 615.851 |
| УДК код - определител по УДК | 159.961 |
| УДК определител | (02.062) |
| УДК - код + определител | 159.961(02.062) |
| 100 1# - Редна дума - Автор | |
| Автор | Хелсинг, Ян ван |
| Авторска отговорност | първи автор |
| R(LIN) | 136727 |
| 139 ## - Редно поле | |
| Редна дума | Хелсинг, Ян ван |
| Авторски знак | Хел - Х 40 |
| 245 10 - Сведения за заглавието | |
| Заглавие | Децата на новото хилядолетие |
| Подзаглавни данни | Как децата медиуми променят света |
| Редно поле (дума) | Ян ван Хелсинг; прев. от нем. Светослав Коев; * Ян Удо Холей. |
| 257 ## - Страна на издаване | |
| Страна на създаване/издаване | Германия |
| 260 ## - Област на издателските данни | |
| -- | София |
| Име на издателя, разпространителя и проч. | Дилок |
| Година на издаване | 2009 |
| 300 ## - Физическа характеристика | |
| Страници | 360 с. |
| Размери/Мащаб | 22 см |
| 380 ## - Жанр | |
| Жанр | Философия |
| 500 ## - Общи забележки | |
| Забележка | Ориг. загл. Die Kinder des neuen Jahrtausends / Jan van Helsing. - Истинското име на авт. е Ян Удо Холей. - Офс. изд. - Библиогр. с. 358-359. |
| 650 #4 - Допълнително описание по предмет – тема | |
| Основно описание – тема или топоним | Парапсихология |
| 9 (RLIN) | 165687 |
| 653 ## - Ключова дума – ненормативна | |
| Ключова дума | парапсихология |
| 653 ## - Ключова дума – ненормативна | |
| Ключова дума | деца индиго |
| 653 ## - Ключова дума – ненормативна | |
| Ключова дума | медиуми |
| 700 1# - Други автори (авторска отговорност) | |
| Лично име | Коев, Светослав |
| Автороска отговорност (Описва отношението между автора и произведението) | прев. от нем. |
| 9 (RLIN) | 370485 |
| 700 1# - Други автори (авторска отговорност) | |
| Лично име | Холей, Ян Удо |
| Автороска отговорност (Описва отношението между автора и произведението) | * |
| 9 (RLIN) | 297470 |
| 852 ## - Местоположение | |
| Форматна сигнатура | Цб 244897 |
| 856 4# - Електронен адрес и достъп | |
| Електронен формат | pdf - файл |
| Път до файла /url/ | |
| 856 4# - Електронен адрес и достъп | |
| Електронен формат | pdf - файл |
| Път до файла /url/ | |
| 942 ## - АРТИКУЛИ | |
| Вид на библиотечния материал | Книги |
| Скрит в OPAC | Не |
| Koha issues (borrowed), all copies | 5 |
| 944 ## - СЪЗДАВАНЕ И РЕДАКЦИЯ на ЗАПИСА | |
| Създаване/Редакция | Създаване |
| Дата на регистрацията/редакция | 12.08.2009 |
| Статус, дата на статуса | ф / |
| Служител, извършил регистрацията/редакцията | Пенка_Димитрова |
| 944 ## - СЪЗДАВАНЕ И РЕДАКЦИЯ на ЗАПИСА | |
| Създаване/Редакция | Редакция |
| Дата на регистрацията/редакция | 04.12.2014 |
| Статус, дата на статуса | ф / |
| Служител, извършил регистрацията/редакцията | Людмила_Стоянова |
| 999 ## - СИСТЕМНИ КОНТРОЛНИ НОМЕРА | |
| Koha biblionumber | 113627 |
| Koha biblioitemnumber | 113627 |
| Код за отписване | Код за изгубен артикул | Източник на класификационната схема | Код за повреда | Коз за рестрикции | Код за отдаване | Артикулен № | Име на библиотеката - собственик | Име на библиотеката, в която се намира в момента | Статус (Текущо местоположение) | Дата на вписване в системата | Местоположение - отдел | Цена в лева | Инвентарен номер | Систематично азбучна сигнатура | Баркод | Номер на екземпляра | Цена в евро | Служебна бележка | Служебен тип на артикула |
|---|---|---|---|---|---|---|---|---|---|---|---|---|---|---|---|---|---|---|---|
| Не е изгубен | Universal Decimal Classification | Не е повреден | без рестрикции | заемане за дома | 181983 | Регионална библиотека "Любен Каравелов" Русе | Регионална библиотека "Любен Каравелов" Русе | Заемна - подръчен фонд | 2009-08-12 | Заемна - подръчен фонд | 16.00 | 120000737273 | П 159.961/Х 40 | 120000737273 | 1 | 8.18 | Дост: Pk Вид: Ф N: 49 Дата: 06.08.2009 Дата инв: 02.02.2018 Бележки инв: П2018 | Книги | |
| Не е изгубен | Не е повреден | без рестрикции | ползва се в читалня | 181984 | Регионална библиотека "Любен Каравелов" Русе | Регионална библиотека "Любен Каравелов" Русе | Хранилище | 2013-10-14 | Хранилище | 16.00 | 120000770251 | Цб 244897 | 120000770251 | 2 | 8.18 | Дост: Dp Вид: Д N: 32 Дата: 06.08.2012 | Книги |